| 000 | 00783nam a22002177a 4500 | ||
|---|---|---|---|
| 999 |
_c10317 _d10317 |
||
| 003 | AR-CdUCM | ||
| 008 | 190329b ||||| |||| 00| 0 spa d | ||
| 040 |
_aMUNICIPALIDAD PROVINCIAL DEL CUSCO _cBIBLIOTECA MUNICIPAL DEL CUSCO |
||
| 082 |
_a523.7 / _bM84 |
||
| 100 |
_aMontenegro, Jose D. _927113 |
||
| 245 |
_aEl universo absoluto y el relativo / _cJose D. Montenegro |
||
| 260 |
_aMadrid : _bM. Aguilar, _c1934. |
||
| 300 |
_a194 paginas ; _bilustraciones, retratos, _c18 cm. |
||
| 505 | _aContenido: cosmos -- nebulosas -- via lactea -- estrellas -- las tierras raras -- las constelaciones -- el sistema planetario... | ||
| 650 |
_aUniverso _918615 |
||
| 650 |
_aConstelaciones _922231 |
||
| 650 |
_aTierra _9337 |
||
| 650 |
_aSol _9115 |
||
| 942 |
_2ddc _cLIBROS |
||
| 945 | _apjha | ||